Caracterización de dos suelos de la llanura de inundación del arroyo Napostá /

Guardado en:
Autor Principal: Bonifazi, Anabel.
Autor Corporativo: Universidad Nacional del Sur. Departamento de Agronomía.
Otros Autores: Guerrero, Cecilia.
Formato: Libro
Idioma:Spanish
Publicado: Bahía Blanca, 2004.
Etiquetas: Agregar Etiqueta
Sin Etiquetas, Sea el primero en etiquetar este registro!
LEADER 00803nam a22001815a 4500
001 EEA.libagro007206
005 20180604132752.0
008 130809s2004####ag#a##########000#0#spa#d
082 0 4 |a 631.4782 
100 1 |a Bonifazi, Anabel. 
245 1 0 |a Caracterización de dos suelos de la llanura de inundación del arroyo Napostá /  |c Anabel Bonifazi, Cecilia Guerrero. 
260 |a Bahía Blanca,  |c 2004. 
300 |a 63 h. :  |b il. ;  |c 30 cm. 
500 |a Trabajo final (Técnico Superior Agrario en Suelos y Aguas) -- Universidad Nacional del Sur. Departamento de Agronomía, 2004. 
700 1 |a Guerrero, Cecilia. 
710 2 |a Universidad Nacional del Sur.  |b Departamento de Agronomía. 
859 |a AR-BbBCA  |b BIB. AGRONOMIA  |h 631.4782  |i B715  |p 2004/4577 
859 |a AR-BbBCA  |b BIB. AGRONOMIA  |h 631.4782  |i B715  |p 2004/4578  |t Ej.2